000 00282nam a22001097a 4500
008 140206t xxu||||| |||| 00| 0 eng d
020 _a978-81-261-3280-5
100 _aP.R. Gilbert
_9642
245 _aAgricultural Biotechnology, Forestry and Products
300 _a287
942 _2ddc
_cBK
999 _c16904
_d16904